00383 2200157 4500001002100000005001500021035002000036245006100056100001900117250000600136300001200142260003700154082000800191084001400199990001200213INLIS00000000000248220250604110838 a0010-06250000681 aBuku Pintar 47 Peraih Nobel Perdamaian /cEdy Soestrisno0 aEdy Soestrisno a1 a100 hlm aJakarta :bWovasi Jakarta,c2007 a600 a600 EDY b a0712304